Petroleum economics and engineering / (Record no. 15541)
[ view plain ]
| 000 -LEADER | |
|---|---|
| fixed length control field | 01002cam a22002895a 4500 |
| 001 - CONTROL NUMBER | |
| control field | 2016439 |
| 005 - DATE AND TIME OF LATEST TRANSACTION | |
| control field | 20160907103616.0 |
| 008 - FIXED-LENGTH DATA ELEMENTS--GENERAL INFORMATION | |
| fixed length control field | 911105s1992 flua |rb 001 0 eng |
| 020 ## - INTERNATIONAL STANDARD BOOK NUMBER | |
| International Standard Book Number | 0824784286 |
| 020 ## - INTERNATIONAL STANDARD BOOK NUMBER | |
| International Standard Book Number | 9780824784287 |
| 040 ## - CATALOGING SOURCE | |
| Original cataloging agency | DLC |
| Transcribing agency | DLC |
| Modifying agency | DLC |
| -- | EG-ScBUE |
| Language of cataloging | eng |
| 082 04 - DEWEY DECIMAL CLASSIFICATION NUMBER | |
| Classification number | 622.33820681 |
| Edition number | 22 |
| Item number | PET |
| 245 00 - TITLE STATEMENT | |
| Title | Petroleum economics and engineering / |
| Statement of responsibility, etc | edited by H. K. Abdel-Aal, Bakr A. Bakr, M. A. Al-Sahlawi. |
| 250 ## - EDITION STATEMENT | |
| Edition statement | 2nd ed. |
| 260 ## - PUBLICATION, DISTRIBUTION, ETC. (IMPRINT) | |
| Place of publication, distribution, etc | Boca Raton : |
| Name of publisher, distributor, etc | Taylor & Francis/ CRC Press, |
| Date of publication, distribution, etc | c.2011. |
| 300 ## - PHYSICAL DESCRIPTION | |
| Extent | ix, 440 p. : |
| Other physical details | ill. ; |
| Dimensions | 24 cm. |
| 500 ## - GENERAL NOTE | |
| General note | Index : p. 435-440. |
| 504 ## - BIBLIOGRAPHY, ETC. NOTE | |
| Bibliography, etc | Bibliography : p. 429-434. |
| 650 #7 - SUBJECT ADDED ENTRY--TOPICAL TERM | |
| Topical term or geographic name as entry element | Petroleum engineering |
| General subdivision | Costs. |
| 9 (RLIN) | 24680 |
| Source of heading or term | BUEsh |
| 650 #7 - SUBJECT ADDED ENTRY--TOPICAL TERM | |
| Topical term or geographic name as entry element | Petroleum industry and trade. |
| 9 (RLIN) | 5538 |
| Source of heading or term | BUEsh |
| 651 ## - SUBJECT ADDED ENTRY--GEOGRAPHIC NAME | |
| Source of heading or term | BUEsh |
| 653 ## - INDEX TERM--UNCONTROLLED | |
| Resource For college | Engineering, Petroleum |
| Arrived date list | June2011 |
| -- | September2016 |
| 700 2# - ADDED ENTRY--PERSONAL NAME | |
| Personal name | Abdel-Aal, H. K., |
| Relator term | editor. |
| 9 (RLIN) | 24682 |
| 700 1# - ADDED ENTRY--PERSONAL NAME | |
| Personal name | Bakr, Bakr A., |
| Dates associated with a name | 1938- |
| Relator term | editor. |
| 9 (RLIN) | 24683 |
| 700 1# - ADDED ENTRY--PERSONAL NAME | |
| Personal name | Al-Sahlawi, M. A., |
| Dates associated with a name | 1954- |
| Relator term | editor. |
| 9 (RLIN) | 24684 |
| 942 ## - ADDED ENTRY ELEMENTS (KOHA) | |
| Source of classification or shelving scheme | Dewey Decimal Classification |
| Item type | Book - Borrowing |
| Withdrawn status | Item status | Source of classification or shelving scheme | Damaged status | Not for loan | Vendor | Home library | Current library | Shelving location | Date acquired | Source of acquisition | Cost, normal purchase price | Serial Enumeration / chronology | Total Checkouts | Total Renewals | Full call number | Barcode | Checked out | Date last seen | Date last borrowed | Koha item type | Cost, replacement price |
|---|---|---|---|---|---|---|---|---|---|---|---|---|---|---|---|---|---|---|---|---|---|
| Dewey Decimal Classification | Baccah | Central Library | Central Library | First floor | 05/06/2011 | 1480.00 | 12336 | 9 | 7 | 622.33820681 PET | 000024056 | 12/10/2014 | 11/09/2014 | 11/09/2014 | Book - Borrowing | ||||||
| Dewey Decimal Classification | Scientific home BookShop | Central Library | Central Library | First floor | 07/09/2016 | Purchase | 1950.00 | 2690 | 2 | 22 | 622.33820681 PET | 000033548 | 15/07/2025 | 12/03/2019 | Book - Borrowing | 2438.00 |